| 000 | 00395nam a2200109Ia 4500 | ||
|---|---|---|---|
| 008 | 171204s9999 xx 000 0 und d | ||
| 245 | _aMobile Marketing: How Mobile Technology Is Revolutionizing Marketing, Communications And Advertising: | ||
| 245 | _cDaniel Rowles | ||
| 260 | _c2013 | ||
| 650 | _xMobile Technology | ||
| 856 | _uhttp://down.ebook777.com/027/MobMarHowMobTecIsRevMarComAndAdv.pdf | ||
| 999 |
_c347220 _d347220 |
||